000
00277nam a22001337a 4500
003
SGT
020
_a
978-93-83290-08-6
100
_a
PATEL, N. M
245
_a
PHARMACOGNOSY
250
_a
1st
260
_a
S, VIKASH
_b
PUNJAB
_c
2018
650
_a
PHARMACOGNOSY
942
_2
ddc
_c
BK
999
_c
24719
_d
24719